000
00259nam a2200109Ia 4500
008
190216s9999||||xx |||||||||||||| ||und||
100
_a
Vital U A
245
0
_a
Nasarinde Athmakatha
260
_b
Bhasha Institute
650
_a
Malayalam Biography
942
_c
BK
999
_c
25072
_d
25072